Izalatul Khafa : / ازالۃ الخفا‏ء (Record no. 26340)

MARC details
000 -LEADER
fixed length control field 00622nam a22001937a 4500
003 - CONTROL NUMBER IDENTIFIER
control field BDDh-ASL
005 - DATE AND TIME OF LATEST TRANSACTION
control field 20231015030631.0
008 - FIXED-LENGTH DATA ELEMENTS--GENERAL INFORMATION
fixed length control field 211008n p ||||| |||| 00| 0 u d
040 ## - CATALOGING SOURCE
Original cataloging agency BDDh-ASL
Transcribing agency BDDh-ASL
082 ## - DEWEY DECIMAL CLASSIFICATION NUMBER
Classification number 297.0902
Item number WAI
100 1# - MAIN ENTRY--PERSONAL NAME
9 (RLIN) 4809
Personal name Waliullah, Shah
245 10 - TITLE STATEMENT
Title Izalatul Khafa : / ازالۃ الخفا‏ء
246 ## - VARYING FORM OF TITLE
Title proper/short title Izalatul Khafa
260 ## - PUBLICATION, DISTRIBUTION, ETC.
Place of publication, distribution, etc. Karachi :
Name of publisher, distributor, etc. Muhammad Saeed And Sons ,
300 ## - PHYSICAL DESCRIPTION
Extent 638 p. :
Dimensions 25 cm.
505 ## - FORMATTED CONTENTS NOTE
Formatted contents note This is the Urdu Translation of this book Originally written in Persian.
650 #0 - SUBJECT ADDED ENTRY--TOPICAL TERM
Topical term or geographic name entry element Caliphate
General subdivision Islam
-- Khilafat
-- History
9 (RLIN) 4819
942 ## - ADDED ENTRY ELEMENTS (KOHA)
Source of classification or shelving scheme Dewey Decimal Classification
Koha item type Books
Holdings
Withdrawn status Lost status Source of classification or shelving scheme Damaged status Not for loan Collection code Home library Current library Shelving location Date acquired Source of acquisition Serial Enumeration / chronology Total Checkouts Full call number Barcode Date last seen Copy number Price effective from Koha item type
    Dewey Decimal Classification     Non-fiction Asiatic Society Library Asiatic Society Library General Stacks 10/08/2021 ASB Library Collection U-0173   297.0902 WAI 112360 10/08/2021 C-1 10/08/2021 Books

Powered by Koha